[Event "TCh-MNE Prem 2013"]
[Site "Cetinje MNE"]
[Date "2013.06.29"]
[Round "6.1"]
[White "Damljanovic,B"]
[Black "Geler,A"]
[Result "1-0"]
[WhiteElo "2544"]
[BlackElo "2220"]

1.c4 e6 2.Nf3 d5 3.d4 Nf6 4.g3 Be7 5.Bg2 O-O 6.O-O dxc4 7.Qa4 a6 8.Qxc4 b5
9.Qc2 Bb7 10.Bd2 Be4 11.Qc1 Bb7 12.Rd1 Nbd7 13.Ba5 Bd6 14.Nbd2 Rc8 15.b4 Qe7
16.a3 e5 17.Nb3 Rfe8 18.Bh3 e4 19.Nh4 g6 20.Nc5 Bxc5 21.dxc5 Bc6 22.Qg5 Kf8
23.Rd4 Qe5 24.Qh6+ Ke7 25.Rad1 Bd5 26.f4 exf3 27.Nxf3 Bxf3 28.exf3 Nf8 29.Bxc8 Rxc8
30.Qd2 Ne6 31.Re1 Qf5 32.Rf4 Qd5 33.Qe3 Ne8 34.Rd4 Qh5 35.f4 Nf6 36.Qd2 Kf8
37.Rd7 Qf5  1-0

[Event "Klatov Open A 2013"]
[Site "Klatovy CZE"]
[Date "2013.06.29"]
[Round "1.20"]
[White "Simunek,F"]
[Black "Eret,Jonas"]
[Result "1-0"]
[WhiteElo "2136"]
[BlackElo "1872"]

1.d4 e6 2.c4 d5 3.Nf3 Nf6 4.g3 Be7 5.Bg2 O-O 6.Nc3 dxc4 7.Qa4 a6 8.Qxc4 b5
9.Qb3 Bb7 10.O-O c5 11.Rd1 c4 12.Qc2 Nbd7 13.a3 Nb6 14.Bg5 Rc8 15.Bxf6 Bxf6
16.Ng5 Bxg5 17.Bxb7 Rb8 18.Bxa6 Nd5 19.Nxd5 exd5 20.a4 b4 21.e4 Qd6 22.Bb5 Rfc8
23.e5 Qd8 24.f4 Be7 25.Rac1 b3 26.Qc3 Rb6 27.Qf3 Bb4 28.Kg2 Rc7 29.f5 Ra7
30.Rf1 Bd2 31.Rcd1 Bb4 32.Rf2 Rc7 33.Rc1 Rb8 34.h4 Rbc8 35.e6 fxe6 36.fxe6 Qd6
37.Qg4 g6 38.Bd7 Rf8 39.Rxf8+ Qxf8 40.Rf1 Qh6 41.e7 Bxe7 42.Qe6+ Kh8 43.Qxe7  1-0

[Event "Klatov Open A 2013"]
[Site "Klatovy CZE"]
[Date "2013.06.29"]
[Round "1.11"]
[White "Vorisek,J"]
[Black "Kucera,M"]
[Result "1-0"]
[WhiteElo "2259"]
[BlackElo "1945"]

1.d4 Nf6 2.c4 e6 3.g3 d5 4.Bg2 Be7 5.Nf3 O-O 6.O-O dxc4 7.Qa4 a6 8.Qxc4 b5
9.Qc2 Bb7 10.Bd2 Be4 11.Qc1 Nbd7 12.Ba5 Bd6 13.Nbd2 Bb7 14.Qc2 Qb8 15.Rac1 Rc8
16.b4 Qa7 17.e4 e5 18.dxe5 Nxe5 19.Nxe5 Bxe5 20.Nb3 Bd6 21.Rfe1 Re8 22.Rcd1 Re7
23.Nd4 g6 24.Nc6 Bxc6 25.Qxc6 Rae8 26.Bb6 Qb8 27.Bd4 Nh5 28.a3 Qc8 29.f4 f6
30.Qc3 Rg7 31.e5 fxe5 32.Bxe5 Bxe5 33.Rxe5 Rge7 34.Bd5+ Kf8 35.Rf5+  1-0

[Event "XXII Anderssen Mem Final A"]
[Site "Wroclaw POL"]
[Date "2013.06.30"]
[Round "2.3"]
[White "Stachowiak,K"]
[Black "Grabarczyk,M"]
[Result "0-1"]
[WhiteElo "2474"]
[BlackElo "2460"]

1.d4 d5 2.Nf3 Nf6 3.c4 e6 4.g3 Be7 5.Bg2 O-O 6.O-O c6 7.Qc2 Nbd7 8.Rd1 b6
9.Bf4 Bb7 10.Ne5 Nxe5 11.dxe5 Nd7 12.cxd5 cxd5 13.e4 dxe4 14.Nc3 Qc7 15.Bxe4 Bxe4
16.Qxe4 Nc5 17.Qe2 Rad8 18.Nb5 Qc6 19.b3 a5 20.h4 Rxd1+ 21.Rxd1 Rd8 22.Rxd8+ Bxd8
23.Nd6 Be7 24.Nc4 h6 25.Qd2 Kf8 26.Qd4 Ke8 27.Qd2 Nd7 28.Qd3 Nf8 29.h5 Bc5
30.g4 Qd7 31.Qe2 Qd5 32.Kh2 Nd7 33.f3 Ke7 34.Kg3 Ke8 35.a3 Kf8 36.Qc2 Kg8
37.Qc3 Bd4 38.Qd2 Bxe5 39.Qxd5 Bxf4+ 40.Kxf4 exd5 41.Ne3 d4 42.Nd5 Nc5 43.Nxb6 Nxb3
44.Ke4 g6 45.hxg6 fxg6 46.Nd5 Kf7 47.f4 h5 48.gxh5 gxh5 49.f5 h4 50.Nf4 Kf6
51.Nh5+ Kg5 52.Ng7 Kf6 53.Nh5+ Kg5 54.Nf4 Kf6 55.Nd5+ Kf7 56.Kf3 d3 57.Ke3 d2
58.Ke2 h3 59.Nf4 h2 60.Ng6 Kf6 61.Nf4 h1=Q 62.Nd5+ Qxd5  0-1

[Event "XXII Anderssen Mem Final A"]
[Site "Wroclaw POL"]
[Date "2013.06.30"]
[Round "2.1"]
[White "Stachowiak,K"]
[Black "Grabarczyk,M"]
[Result "0-1"]
[WhiteElo "2474"]
[BlackElo "2460"]

1.d4 d5 2.c4 e6 3.Nf3 Nf6 4.g3 Be7 5.Bg2 O-O 6.O-O Nbd7 7.Qc2 c6 8.Rd1 b6
9.Bf4 Bb7 10.Ne5 Nxe5 11.dxe5 Nd7 12.cxd5 cxd5 13.Nc3 g5 14.Bc1 Nxe5 15.h3 Rc8
16.e4 d4 17.Qa4 Bf6 18.Qxa7 Bc6 19.Qa6 Qe7 20.Nb1 Qc5 21.Qe2 Bb5 22.Qh5 Qxc1
23.Rxc1 Rxc1+ 24.Kh2 Bd3 25.f4 gxf4 26.gxf4 Ng6 27.e5 Bg7  0-1

[Event "4th AIMAG Women"]
[Site "Incheon KOR"]
[Date "2013.07.01"]
[Round "2.9"]
[White "Liu Yang"]
[Black "Medina,W"]
[Result "0-1"]
[WhiteElo "2059"]
[BlackElo "2286"]

1.d4 Nf6 2.c4 e6 3.g3 d5 4.Nf3 Be7 5.Bg2 O-O 6.O-O dxc4 7.Qc2 b5 8.a4 b4
9.Qxc4 Bb7 10.Bf4 Nd5 11.Rc1 Nxf4 12.gxf4 Nd7 13.Ne5 Bxg2 14.Kxg2 Nxe5 15.fxe5 c5
16.dxc5 Rc8 17.c6 Qc7 18.Qe4 Rfd8 19.b3 Rd5 20.f4 g5 21.e3 gxf4 22.exf4 Kh8
23.Ra2 Rg8+ 24.Kh1 Qxc6 25.Re1 Bh4 26.Rc2 Qa8 27.Rce2 Bxe1 28.Rxe1 Rd1  0-1

[Event "41st TCh-GRE"]
[Site "Rio (Achaia) GRE"]
[Date "2013.07.02"]
[Round "1.6"]
[White "Drakaki,A"]
[Black "Iliopoulou,Eleni"]
[Result "1-0"]
[WhiteElo "1910"]
[BlackElo "1403"]

1.d4 d5 2.c4 e6 3.g3 Nf6 4.Bg2 Be7 5.Nf3 O-O 6.O-O Nbd7 7.Qc2 c6 8.Nbd2 Bd6
9.e4 e5 10.dxe5 Nxe5 11.Nxe5 Bxe5 12.exd5 cxd5 13.cxd5 Nxd5 14.Qe4  1-0

[Event "IsBank TCh-TUR 2013"]
[Site "Denizli TUR"]
[Date "2013.07.03"]
[Round "5.5"]
[White "Sirin,A"]
[Black "Ertan,C"]
[Result "1-0"]
[WhiteElo "2249"]
[BlackElo "2277"]

1.d4 Nf6 2.c4 e6 3.g3 d5 4.Bg2 Be7 5.Nf3 O-O 6.O-O dxc4 7.Na3 Bxa3 8.bxa3 Nc6
9.Rb1 Rb8 10.Qa4 Nxd4 11.Nxd4 Qxd4 12.Be3 Bd7 13.Qc2 Qe5 14.Qxc4 b6 15.Bd4 Qa5
16.Qxc7 Rbc8 17.Qd6 Rfd8 18.Bxf6 gxf6 19.Qe7 Bb5 20.Bf3 Kg7 21.Rb4 f5 22.Qg5+ Kh8
23.Qf6+ Kg8 24.Qg5+ Kh8 25.Rfb1 Be8 26.Qh6 Kg8 27.Rh4 Qd2 28.e3 Rc2 29.Rf1 Qc3
30.Qg5+  1-0

[Event "ch-NOR 2013"]
[Site "Lillehammer NOR"]
[Date "2013.07.03"]
[Round "6.2"]
[White "Groenn,A"]
[Black "Urkedal,F"]
[Result "1/2-1/2"]
[WhiteElo "2368"]
[BlackElo "2470"]

1.d4 Nf6 2.c4 e6 3.g3 d5 4.Bg2 Be7 5.Nf3 O-O 6.O-O dxc4 7.Qc2 a6 8.a4 Bd7
9.Qxc4 Bc6 10.Bg5 a5 11.Nc3 Na6 12.Rfd1 Nb4 13.Rac1 Rc8 14.Ne5 Bxg2 15.Kxg2 c6
16.e4 Nd7 17.Bxe7 Qxe7 18.Nxd7 Qxd7 19.Qc5 Qd8 20.e5 f5 21.f4 b6 22.Qc4 Qe7
23.Kf2 h6 24.Na2 Nd5 25.Nc3 Rfd8 26.Qa6 Qb4 27.Nxd5 Qxb2+ 28.Kg1 exd5 29.Rb1 Qc3
30.Qxb6 Qe3+ 31.Kg2 Qe2+ 32.Kg1 Qe3+ 33.Kg2 Rb8 34.Qxb8 Qe2+ 35.Kg1 Qe3+  1/2-1/2

[Event "2nd Arberopen 2013"]
[Site "Bayerisch Eisenstein GER"]
[Date "2013.07.04"]
[Round "6.18"]
[White "Kleinhenz,HG"]
[Black "Meduna,E2"]
[Result "1/2-1/2"]
[WhiteElo "1899"]
[BlackElo "2082"]

1.d4 Nf6 2.Nf3 e6 3.c4 d5 4.g3 Be7 5.Bg2 O-O 6.O-O b6 7.b3 Bb7 8.Bb2 Nbd7
9.Nbd2 c5 10.Rc1 Rc8 11.Ne5 cxd4 12.Bxd4 Nxe5 13.Bxe5 Qd7 14.cxd5 Bxd5 15.Bxd5 Qxd5
16.Nf3 Rxc1 17.Qxc1 Rd8 18.Qc7 Qd7 19.Rc1 h6 20.Qxd7 Rxd7 21.Rc7 Bc5 22.Rxd7 Nxd7
23.Bd4 f6 24.Bxc5 Nxc5 25.Nd2 Kf7 26.f3 Ke7 27.Kf2 Kd6 28.Nc4+ Kd5 29.Ke3 e5
30.Na3 Ne6 31.Kd3 h5 32.Nc2 g6 33.h3 Kc5 34.Kc3 h4 35.gxh4 Nf4 36.b4+ Kb5
37.e4 Nxh3 38.Kb3 Ng1 39.Ne1 a6 40.a4+ Kc6 41.Kc4 a5 42.b5+ Kd6 43.Kc3 Ne2+
44.Kd3 Nf4+ 45.Kc4 Ne6 46.Nd3 Nd4 47.Ne1 Ne6  1/2-1/2

[Event "IsBank TCh-TUR 2013"]
[Site "Denizli TUR"]
[Date "2013.07.04"]
[Round "6.9"]
[White "Karaoglan,Kivanc"]
[Black "Guven,B"]
[Result "1/2-1/2"]
[WhiteElo "1718"]
[BlackElo "2115"]

1.d4 Nf6 2.c4 e6 3.Nf3 d5 4.g3 Be7 5.Bg2 O-O 6.O-O c6 7.Nbd2 Nbd7 8.Re1 b6
9.e4 Bb7 10.exd5 cxd5 11.Ne5 Re8 12.b3 Qc7 13.Bb2 dxc4 14.bxc4 Bxg2 15.Kxg2 Nxe5
16.Rxe5 Bd6 17.Re3 e5 18.dxe5 Bxe5 19.Bxe5 Rxe5 20.Rxe5 Qxe5 21.Nf3 Qc5 22.Qd4 Qxd4
23.Nxd4 Rc8 24.Rc1 Ne4 25.Nb3 Kf8 26.Kf3 Nc5 27.Nxc5 Rxc5 28.Ke4 Ke7 29.Kd4 Kd6
30.Re1 Ra5 31.Re2 g5 32.h3 h5 33.Rd2 Ra3 34.Ke4+ Ke6 35.Re2 f6 36.f3 f5+
37.Kd4+ Kd6 38.Rf2 h4 39.g4 fxg4 40.hxg4 Ra4 41.Rd2 Ke6 42.Re2+ Kf6 43.Kd5 Ra3
44.Rf2 Rd3+ 45.Ke4 Rc3 46.Kd4 Rc1 47.f4 gxf4 48.Rxf4+ Kg5 49.Rf7 h3 50.Rh7 Kxg4
51.Rg7+ Kf5 52.Rh7 Rh1 53.Kd5 h2 54.Kc6 Ke4 55.Kb7 a5 56.Kc6 a4 57.a3 Kd4
58.Rh4+ Kc3 59.c5 b5 60.Rh3+ Kc2 61.Kb6 b4 62.axb4 a3 63.Rxa3 Rb1 64.Rh3 h1=Q
65.Rxh1 Rxh1 66.c6 Kb3 67.c7 Rc1 68.Kb7 Kxb4 69.c8=Q Rxc8 70.Kxc8  1/2-1/2

[Event "IsBank TCh-TUR 2013"]
[Site "Denizli TUR"]
[Date "2013.07.04"]
[Round "6.6"]
[White "Dogan,A"]
[Black "Yuksel,A"]
[Result "0-1"]
[WhiteElo "2179"]
[BlackElo "2001"]

1.d4 d5 2.c4 e6 3.Nf3 Nf6 4.g3 Be7 5.Bg2 O-O 6.Qc2 c6 7.O-O Nbd7 8.Nbd2 b6
9.e4 dxe4 10.Nxe4 Nxe4 11.Qxe4 Bb7 12.Rd1 Qc8 13.Bf4 c5 14.d5 Bf6 15.Qc2 exd5
16.cxd5 Qd8 17.h4 h6 18.Rd2 Re8 19.Rad1 Ne5 20.Nxe5 Bxe5 21.Bxe5 Rxe5 22.Re2 Rxe2
23.Qxe2 Qd6 24.Qe4 Rd8 25.a4 a6 26.b3 b5 27.axb5 axb5 28.Qd3 Ba6 29.Bf1 Re8
30.Qd2 Rc8 31.Qa5 c4 32.bxc4 bxc4 33.Qc3 Bb5 34.Bg2 Qf6 35.Qb4 Bd7 36.Qb7 Qd6
37.Rc1 c3 38.Qb3 Qe5 39.Qb7 Bf5 40.Qb6 Rb8 41.Qc6 c2 42.Kh2 Rb1 43.Rxc2 Qe1
44.g4 Bxc2 45.Qc8+ Kh7 46.Qxc2+ g6 47.h5 Qe5+ 48.Kh3 Rb2 49.hxg6+ fxg6 50.Qc5 Rb3+
51.f3 Rd3 52.Qa7+ Qg7 53.Qxg7+ Kxg7 54.Kg3 Rxd5 55.Bf1 Kf6 56.Bc4 Rc5 57.Bd3 g5
58.Be4 Ke5 59.Bg6 Rc3 60.Be4 Kd4 61.Kf2 Ra3 62.Bc6 Ra2+ 63.Kg3 Ke3 64.Bd5 Ra1
65.Bc4 Rg1+ 66.Kh2 Kf2 67.Bd5 Rg3  0-1

[Event "4th Kiryat Ono Open A"]
[Site "Kiryat Ono ISR"]
[Date "2013.07.04"]
[Round "5.4"]
[White "Soffer,R"]
[Black "Zilberman,Y"]
[Result "0-1"]
[WhiteElo "2487"]
[BlackElo "2389"]

1.c4 e6 2.Nf3 Nf6 3.g3 d5 4.d4 Be7 5.Bg2 O-O 6.O-O Nbd7 7.b3 b6 8.cxd5 exd5
9.Nc3 Bb7 10.Qc2 c5 11.Bb2 Rc8 12.Rac1 Re8 13.Rfd1 a6 14.Qb1 Rc7 15.e3 Bf8
16.Rc2 c4 17.bxc4 dxc4 18.a4 Nd5 19.Rcc1 Qa8 20.Ne1 Nxc3 21.Bxc3 Bxg2 22.Nxg2 Qc6
23.Rd2 Nf6 24.Rb2 Nd5 25.Ra2 Nxc3 26.Rxc3 b5 27.axb5 axb5 28.Rc1 b4 29.Nf4 b3
30.Ra5 Bb4 31.Rc5 Bxc5 32.Rxc4 Qe4 33.Qxb3 Bd6 34.Rxc7 Bxc7 35.Nd5 Rb8  0-1

[Event "ch-NOR 2013"]
[Site "Lillehammer NOR"]
[Date "2013.07.04"]
[Round "7.6"]
[White "Devereaux,M"]
[Black "Stubberud,O"]
[Result "1/2-1/2"]
[WhiteElo "2356"]
[BlackElo "2327"]

1.d4 d5 2.Nf3 e6 3.c4 Nf6 4.g3 Be7 5.Bg2 O-O 6.O-O dxc4 7.Qc2 a6 8.Qxc4 b5
9.Qc2 Bb7 10.Bf4 Bd6 11.Nbd2 Nbd7 12.Rfd1 Qe7 13.Ne5 Bxg2 14.Kxg2 Bxe5 15.dxe5 Nd5
16.Nf3 Rfc8 17.Bg5 Qe8 18.e4 N5b6 19.Qc6 Nf6 20.Qxe8+ Nxe8 21.Rac1 c5 22.b3 Rc6
23.Bd8 Rac8 24.Rd2 Kf8 25.Bxb6 Rxb6 26.Rdc2 Rbc6 27.Ne1 c4 28.bxc4 bxc4 29.f4 Rc5
30.Rc3 Ra5 31.R1c2 Rd8 32.Nf3 Rd1 33.Nd2 Ra1 34.Nxc4 R5xa2 35.Nd6 Ke7 36.Kh3 Rxc2
37.Rxc2 Rd1 38.Nb7 Rd7 39.Na5 Rc7 40.Ra2 Rc5 41.Ra4 Nc7 42.Kg4 Nb5 43.Nb7 Rc7
44.Nd6 Nxd6 45.exd6+ Kxd6 46.Rxa6+ Ke7 47.h4 h6 48.Kh5 Rc5+ 49.e5 Rc8 50.Ra7+ Kf8
51.Ra4 Kg8 52.Kg4 g6 53.h5 gxh5+ 54.Kxh5 Kg7 55.Ra7 Rc5 56.Rb7  1/2-1/2

[Event "Klatov Open A 2013"]
[Site "Klatovy CZE"]
[Date "2013.07.05"]
[Round "7.11"]
[White "Simunek,F"]
[Black "Hurdzan,Tomas"]
[Result "1/2-1/2"]
[WhiteElo "2136"]
[BlackElo "1813"]

1.d4 d5 2.c4 e6 3.Nf3 Nf6 4.g3 Be7 5.Bg2 O-O 6.O-O Nbd7 7.Qc2 c6 8.Nbd2 b6
9.e4 dxe4 10.Nxe4 Nxe4 11.Qxe4 Bb7 12.Bf4 Nf6 13.Qe2 c5 14.Rfc1 Qe8 15.d5 exd5
16.Re1 Bd8 17.Qd1 Qd7 18.Ne5 Qf5 19.cxd5 Bc7 20.d6 Bxg2 21.Kxg2 Rad8 22.Nc6 Nd5
23.Ne7+ Nxe7 24.dxe7 Rxd1 25.exf8=Q+ Kxf8 26.Raxd1 Qc8 27.Bd6+ Bxd6 28.Rxd6 g6
29.Kg1 Qc7 30.Red1 Ke7 31.R6d2 Qc8 32.Re1+ Kf8 33.Red1 Ke7 34.a3 a6 35.Rd6 Qc7
36.R6d2 Qc8 37.Re1+ Kf8 38.Rc2 Qc7 39.Rec1 Qd6 40.Rc4 h5 41.b4 cxb4 42.Rxb4 a5
43.Rb3 h4 44.gxh4 Qf4 45.Rcb1 Qxh4 46.Rg3 Qd4 47.Rgb3  1/2-1/2

[Event "11th Niki Open 2013"]
[Site "Nachod CZE"]
[Date "2013.07.05"]
[Round "7.9"]
[White "Machan,J"]
[Black "Hrdina,R"]
[Result "1/2-1/2"]
[WhiteElo "2169"]
[BlackElo "2023"]

1.Nf3 Nf6 2.g3 d5 3.Bg2 e6 4.d4 Be7 5.c4 b6 6.Nc3 O-O 7.cxd5 Nxd5 8.Nxd5 exd5
9.O-O Bb7 10.Bf4 Nd7 11.Rc1 c5 12.Ne5 Nxe5 13.Bxe5 Bd6 14.Bxd6 Qxd6 15.dxc5 bxc5
16.Qc2 Rac8 17.Rfd1 Qa6 18.Rd3 Rfd8 19.Rcd1 g6 20.e3 c4 21.Ra3 Qb6 22.Qc3 Rc5
23.Rd2 a5 24.Qd4 Rb8 25.Rc3 Bc6 26.e4 dxe4 27.Bxe4 Bxe4 28.Qxe4 Rb5 29.Rcc2 Qf6
30.Qxc4 Rxb2 31.Rxb2 Rxb2 32.Rxb2 Qxb2 33.a4 Qb4 34.Qb5 Kf8  1/2-1/2

[Event "3rd SPAChess Open"]
[Site "Amsterdam NED"]
[Date "2013.07.06"]
[Round "1.25"]
[White "Mijnheer,P"]
[Black "Sanijs,F"]
[Result "1/2-1/2"]
[WhiteElo "2187"]
[BlackElo "2042"]

1.Nf3 Nf6 2.c4 e6 3.g3 d5 4.d4 Be7 5.Bg2 O-O 6.O-O Nbd7 7.Qc2 c6 8.b3 b6
9.Rd1 Bb7 10.Nc3 Rc8 11.e4 dxe4 12.Nxe4 c5 13.Nxf6+ Bxf6 14.Ng5 Bxg5 15.Bxb7 Rc7
16.Be4 f5 17.Bg2 Bf6 18.Bb2 cxd4 19.Bxd4 Kh8 20.Qe2 Qe7 21.Bxf6 Qxf6 22.Re1 Re8
23.Rad1 e5 24.Rd5 e4 25.Red1 Ne5 26.Rd6 Qe7 27.Qe3 Ng4 28.Qd4 Nf6 29.Rd8 Rc8
30.Rxc8 Rxc8 31.Qd6 Qe8 32.Qf4 Qh5 33.Rd6 Re8 34.h3 Qg6 35.Qe3 Qf7 36.Qd4 Qe7
37.h4 f4 38.gxf4 Nh5 39.Qe5 Qf7 40.Qg5 Nxf4 41.Rd8 e3 42.fxe3 Ne2+ 43.Kh1 h6
44.Rxe8+ Qxe8 45.Qg4 Qxe3 46.Qc8+ Kh7 47.Qf5+ Kh8 48.Qf8+ Kh7  1/2-1/2

[Event "Styrian Open A 2013"]
[Site "Bad Gleichenberg AUT"]
[Date "2013.07.06"]
[Round "1.15"]
[White "Schachinger,M"]
[Black "Hofbauer,P"]
[Result "1-0"]
[WhiteElo "2401"]
[BlackElo "2060"]

1.d4 d5 2.c4 e6 3.Nf3 Nf6 4.g3 Be7 5.Bg2 O-O 6.O-O Nbd7 7.Qc2 dxc4 8.Qxc4 c5
9.dxc5 Bxc5 10.Nc3 Qe7 11.Bg5 h6 12.Bxf6 Nxf6 13.Rac1 Bb6 14.Na4 Bd8 15.Ne5 Nd7
16.Nxd7 Bxd7 17.Bxb7 Rb8 18.Bc6 Rc8 19.Qa6 Bb6 20.Bxd7 Qxd7 21.Nxb6 axb6
22.Rxc8 Rxc8 23.Qxb6 Qd2 24.Qb5 Rc2 25.Rb1 g6 26.a4 Qd4 27.a5 Rc5 28.Qb6 Qe4
29.Re1 Qd5 30.Qb8+ Kg7 31.a6 Ra5 32.a7 Qa2 33.Rc1 Rxa7 34.Qe5+ Kh7 35.Rc8 f6
36.Qxf6 Qb1+ 37.Kg2 Qe4+ 38.Qf3 Qd4 39.Rb8 Rg7 40.Rb7 h5 41.Rxg7+ Kxg7 42.Qc3  1-0

[Event "IsBank TCh-TUR 2013"]
[Site "Denizli TUR"]
[Date "2013.07.06"]
[Round "9.1"]
[White "Grachev,B"]
[Black "Ipatov,Alexander"]
[Result "1/2-1/2"]
[WhiteElo "2683"]
[BlackElo "2590"]

1.d4 Nf6 2.Nf3 e6 3.c4 d5 4.g3 Be7 5.Bg2 O-O 6.O-O dxc4 7.Qc2 b5 8.a4 b4
9.Ne5 Qxd4 10.Nxc4 c6 11.Be3 Qd8 12.Rd1 Nd5 13.Bd4 Nd7 14.e4 N5f6 15.Nbd2 Qc7
16.Nb3 e5 17.Be3 Ng4 18.Rac1 Nb6 19.Nba5 Nxc4 20.Nxc4 Be6 21.h3 Nxe3 22.Nxe3 Bg5
23.Qc5 Rfd8 24.Qxb4 Rxd1+ 25.Rxd1 Bxe3 26.fxe3 Rb8 27.Qc3 h6 28.b4 Qe7 29.Rb1 Qd6
30.Bf1 Kh7 31.a5 f6 32.Kh2 Bf7 33.Bd3 Rb7 34.Bc2 Bg6 35.g4 Qb8 36.Bd3 Rd7
37.Kg3 Qd8 38.Rb3 Bf7 39.Ra3 Rd6 40.Qc2 Bg6 41.Rc3 Be8 42.Qb1 h5 43.Be2 h4+
44.Kf3 Kh6 45.Rd3 Qb8 46.Qe1 Kg5 47.Qc3 Rxd3 48.Bxd3 Qd6 49.Ke2 Bd7 50.Kf2 Be6
51.Be2 g6 52.Ke1 Kh6 53.Qd2 Qxd2+ 54.Kxd2 Kg7 55.Kc3 Kf8 56.Bc4 Bd7 57.Bd3 Ke7
58.Kc4  1/2-1/2

[Event "41st TCh-GRE"]
[Site "Rio (Achaia) GRE"]
[Date "2013.07.06"]
[Round "6.5"]
[White "Antoniadou,P"]
[Black "Markantonaki,H"]
[Result "1/2-1/2"]
[WhiteElo "1770"]
[BlackElo "2150"]

1.d4 Nf6 2.c4 e6 3.Nf3 d5 4.g3 Be7 5.Bg2 O-O 6.O-O dxc4 7.Qa4 a6 8.Qxc4 b5
9.Qc2 Bb7 10.Nbd2 Nc6 11.Nb3 Nb4 12.Qd1 Be4 13.Ne1 Bxg2 14.Nxg2 Qc8 15.a3 Nbd5
16.Qc2 Rd8 17.Bg5 Nb6 18.Ne3 h6 19.Bxf6 Bxf6 20.Rfd1 a5 21.Ng4 Bg5 22.h4 Be7
23.Ne5 a4 24.Nc5 Bxc5 25.Qxc5 Rd5 26.Qc3 c5 27.e4 Rxd4 28.Rxd4 cxd4 29.Qxd4 Qc7
30.Rd1 Rc8 31.Kg2 Qb7 32.Re1 Qb8 33.Re2 Rd8 34.Qc3 Qd6 35.Nf3 Nc4 36.Qc2 Rd7
37.Re1 Qc5 38.Qe2 Qd6 39.Rc1 Qd3 40.Rc2 Qxe2 41.Rxe2 Rd3 42.e5 Kf8 43.g4 Ke7
44.g5 hxg5 45.hxg5 g6 46.Kg3 Rb3 47.Kf4 Nxb2 48.Nd4 Nd3+ 49.Ke4 Nc5+ 50.Kf4 Rxa3
51.Nxb5 Rb3 52.Nd6 a3 53.Rc2 Rb4+ 54.Ke3 Na6 55.Rc8 Rb8 56.Rc3 Nb4 57.Rc7+ Kd8
58.Ra7 a2 59.Nxf7+ Ke8 60.Nd6+ Kf8 61.Kd2 Nc6 62.Rxa2 Nxe5 63.Ke3 Ke7 64.Ne4 Rb3+
65.Ke2 Nc6 66.Rd2 Rb4 67.Nf6 Ne5 68.Ng8+ Kf7 69.Nf6 Ng4 70.Rd7+ Kf8 71.Rd8+ Kf7
72.Rd7+ Kf8 73.Rd8+ Kf7 74.Rd7+  1/2-1/2

[Event "3rd SPAChess Open"]
[Site "Amsterdam NED"]
[Date "2013.07.07"]
[Round "2.27"]
[White "Ritsema,R"]
[Black "Willemze,T"]
[Result "0-1"]
[WhiteElo "1996"]
[BlackElo "2420"]

1.c4 Nf6 2.g3 e6 3.Bg2 d5 4.d4 Be7 5.Nf3 O-O 6.O-O c5 7.cxd5 exd5 8.dxc5 Na6
9.b3 Nxc5 10.Bb2 Re8 11.Nc3 Bf8 12.Nd4 Bg4 13.Rc1 Qd7 14.Re1 Rad8 15.Qc2 Bh3
16.Bf3 Ne6 17.Nxe6 fxe6 18.Red1 Rc8 19.Qd2 Qf7 20.Na4 b5 21.Nc3 Bc5 22.Qf4 a6
23.Bg2 e5 24.Qf3 Bg4 25.Qd3 e4 26.Qb1 Qh5 27.Re1 Bh3 28.Nd1 Ng4 29.Bh1 Rf8
30.e3 Nxh2 31.Kxh2 Bg4+ 32.Kg1 Bxd1 33.Rxc5 Bf3 34.Bg2 Bxg2  0-1

[Event "V4 Int Open ch-SVK 2013"]
[Site "Banska Stiavnica SVK"]
[Date "2013.07.07"]
[Round "2.4"]
[White "Plachetka,J"]
[Black "Petrik,T"]
[Result "1-0"]
[WhiteElo "2355"]
[BlackElo "2512"]

1.d4 e6 2.Nf3 Nf6 3.g3 d5 4.Bg2 Be7 5.c4 O-O 6.Qc2 dxc4 7.Qxc4 a6 8.Ne5 b5
9.Qd3 Ra7 10.O-O Bb7 11.Bxb7 Rxb7 12.Nc3 c5 13.dxc5 Bxc5 14.Qf3 Qb6 15.Bf4 Nbd7
16.Rad1 Nxe5 17.Bxe5 Be7 18.Bd4 Qc7 19.Rc1 Qb8 20.Ne4 Nxe4 21.Qxe4 Rd7 22.Qg4 g6
23.Qe4 Rfd8 24.e3 Rd5 25.Rc6 e5 26.Bb6 R8d7 27.Rfc1 Kg7 28.Bc7 Qb7 29.Bxe5+ f6
30.Bd4 b4 31.Rb6 Qa8 32.Qe6 Qd8 33.Rxa6 R7d6 34.Rxd6 Rxd6 35.Qe4 Ra6 36.Qb7 Rxa2
37.Rc7  1-0

[Event "St. Pauli Open 2013"]
[Site "Hamburg GER"]
[Date "2013.07.07"]
[Round "2.16"]
[White "Krallmann,M"]
[Black "Amberger,D"]
[Result "1-0"]
[WhiteElo "2262"]
[BlackElo "2066"]

1.d4 Nf6 2.c4 e6 3.g3 d5 4.Nf3 Be7 5.Bg2 O-O 6.O-O dxc4 7.Qa4 a6 8.Qxc4 b5
9.Qc2 Bb7 10.Bd2 Be4 11.Qc1 Nbd7 12.Ba5 Ra7 13.Nbd2 Ba8 14.Qc2 Qc8 15.Rac1 c5
16.dxc5 Qxc5 17.Qxc5 Bxc5 18.Rxc5 Nxc5 19.Bb6 Rd7 20.Bxc5 Rc8 21.b4 a5 22.a3 Nd5
23.Ne5 Rdc7 24.Ne4 f6 25.Nd3 f5 26.Nd6 Rb8 27.Rc1 axb4 28.axb4 Bc6 29.Bd4  1-0

[Event "Karvina Open 2013"]
[Site "Karvina CZE"]
[Date "2013.07.07"]
[Round "9.27"]
[White "Petrov,Nikolaj"]
[Black "Dobrucki,Tymoteusz"]
[Result "1/2-1/2"]
[WhiteElo "1799"]
[BlackElo "1473"]

1.Nf3 d5 2.c4 e6 3.g3 Nf6 4.Bg2 Be7 5.d4 O-O 6.Nc3 b6 7.cxd5 Nxd5 8.e4 Nf6
9.O-O Bb7 10.Qc2 c5 11.e5 Nd5 12.Rd1 Nc6 13.dxc5 Ncb4 14.Qb3 Bxc5 15.a3 Na6
16.Ne4 Be7 17.Bg5 Bxg5 18.Nfxg5 h6 19.Nf3 Qe7 20.Rac1 Nf4 21.Nf6+ gxf6 22.gxf4 f5
23.Rd6 Nc5 24.Qd1 Rad8 25.b4 Ne4 26.Rd3 Rxd3 27.Qxd3 Rd8 28.Qc4 Rc8 29.Qf1 Rxc1
30.Qxc1 Qd7 31.Ne1 Qd4 32.Qe3 Qxe3 33.fxe3 Bd5 34.Nc2 Nc3 35.Bxd5 Nxd5 36.Kf2 Kg7
37.Kf3 Nc3 38.Nd4 Nb1 39.Nc2 Kg6 40.Kg3 Kh5 41.a4 Nc3 42.a5 b5 43.a6 Nd5
44.Nd4 Nxb4 45.Nxb5 Nxa6 46.Nxa7 Nc7 47.Nc6 Nd5 48.Nd8 Kg6 49.Kf3 Nc3 50.Nb7 Ne4
51.Nd6 Nc5 52.h4 h5 53.Nc8 Ne4 54.Ne7+ Kg7 55.Nc6 Kg6 56.Nd4 Kg7 57.Ke2 Ng3+
58.Kd3 Ne4 59.Kc4 Nd2+ 60.Kd3 Ne4 61.Nf3 Nf2+ 62.Kd4 Ne4 63.Ng5 Nxg5 64.fxg5 Kg6
65.Kc5 Kh7 66.Kd6 Kg8 67.Kd7 Kh7 68.Ke7 Kg7 69.Ke8 Kg8 70.g6 fxg6 71.Ke7 g5
72.Kxe6 f4 73.exf4 gxf4 74.Kd7 f3 75.e6 f2 76.e7 f1=Q 77.e8=Q+ Kg7 78.Qe5+ Qf6
79.Qxh5 Qf7+ 80.Qxf7+ Kxf7  1/2-1/2

[Event "V4 Int Open ch-SVK 2013"]
[Site "Banska Stiavnica SVK"]
[Date "2013.07.08"]
[Round "3.49"]
[White "Dolnak,Michal"]
[Black "Vrtiakova,Anna"]
[Result "1/2-1/2"]
[WhiteElo "2167"]
[BlackElo "1805"]

1.d4 Nf6 2.c4 e6 3.g3 Be7 4.Bg2 d5 5.Nf3 O-O 6.O-O dxc4 7.Ne5 Nc6 8.Nxc6 bxc6
9.e3 Nd5 10.Qa4 c5 11.dxc5 Bxc5 12.Qxc4 Be7 13.Nc3 Nb6 14.Qe2 Rb8 15.Rd1 Bd7
16.b3 c5 17.Bb2 Qc7 18.Ne4 f5 19.Nc3 Bf6 20.e4 Kh8 21.e5 Be7 22.Nb5 Bxb5
23.Qxb5 Nd5 24.Qc4 Rb4 25.Qc2 Rd8 26.Rac1 Bg5 27.Rb1 Rbb8 28.Bxd5 Rxd5 29.Rxd5 exd5
30.Qxf5 Be7 31.Rc1 Rf8 32.Qe6 Qb7 33.Ba3 d4 34.Qg4 Qd5 35.Qe2 h6 36.Rd1 Rd8
37.Rd3 Bf8 38.f4 Kg8 39.Bb2  1/2-1/2

[Event "Polugaevsky Mem 2013"]
[Site "Samara RUS"]
[Date "2013.07.08"]
[Round "7.10"]
[White "Frolyanov,D"]
[Black "Travkina,A"]
[Result "1-0"]
[WhiteElo "2570"]
[BlackElo "2216"]

1.d4 Nf6 2.c4 e6 3.Nf3 d5 4.g3 Be7 5.Bg2 O-O 6.O-O dxc4 7.Qa4 a6 8.Qxc4 b5
9.Qc2 Bb7 10.Bd2 Nbd7 11.Ba5 Nb6 12.Nbd2 Rc8 13.Qd3 Nfd7 14.Ng5 Bxg5 15.Bxb7 Rb8
16.Bc6 e5 17.Nf3 exd4 18.Nxg5 Qxg5 19.Qxd4 Rfd8 20.Qc3 Qe7 21.Qc2 Nf6 22.a3 Nc4
23.Bb4 Qe6 24.Bg2 c5 25.Bc3 Nd5 26.Be1 Ne7 27.b3 Nd6 28.Qxc5 Rdc8 29.Qd4 Nef5
30.Qd3 Qf6 31.Bb4 Rd8 32.Ba5 Rdc8 33.Rad1 Nb7 34.Bb4 Nc5 35.Qf3 Ne6 36.e3 Rd8
37.Bh3 g6 38.Bg2 Qb2 39.Rb1 Qe5 40.Rbc1 Qb2 41.Rb1 Qe5 42.Qe4 Qc7 43.Rbc1 Qa7
44.Qe5 Re8 45.Qf6 Neg7 46.Bc5 Qc7 47.g4 Re6 48.Qb2 Nh4 49.Bf8 Qe5 50.Qxe5 Rxe5
51.Bd6 Ree8 52.Bxb8 Rxb8 53.Rc6  1-0

[Event "St. Pauli Open 2013"]
[Site "Hamburg GER"]
[Date "2013.07.09"]
[Round "4.13"]
[White "Hess,C1"]
[Black "Gupta,Arijit"]
[Result "0-1"]
[WhiteElo "2289"]
[BlackElo "2090"]

1.Nf3 Nf6 2.c4 e6 3.g3 d5 4.Bg2 Be7 5.d4 O-O 6.Qc2 c6 7.Nbd2 dxc4 8.Nxc4 b5
9.Nce5 Bb7 10.O-O Qb6 11.a4 a5 12.Bd2 Nd5 13.Rfc1 Rc8 14.axb5 Qxb5 15.h4 a4
16.h5 c5 17.Nxf7 cxd4 18.Qxc8+ Bxc8 19.Rxc8+ Kxf7 20.Ne5+ Kf6 21.Ng4+ Kf7
22.Ne5+ Kf6 23.Ng4+ Kf5 24.Bh3 Bd6 25.Ra3 Qxe2 26.Nh2+ Kf6 27.Rf3+ Ke7 28.Bg5+ Kd7
29.Rg8 Qxb2 30.Rxg7+ Ne7 31.Rf6 Qe2 32.Bg4 Qe1+ 33.Kg2 Nc6 34.Nf3 Qe4 35.Bxe6+ Qxe6
36.Rxe6 Kxe6 37.Rxh7 a3 38.Rh6+ Kd7  0-1

[Event "23rd Heart of FIN"]
[Site "Jyvaskyla FIN"]
[Date "2013.07.09"]
[Round "3.12"]
[White "Radkov,Bazhen D."]
[Black "Vul,A"]
[Result "1/2-1/2"]
[WhiteElo "2007"]
[BlackElo "2296"]

1.d4 d5 2.c4 e6 3.Nf3 Nf6 4.g3 Be7 5.Bg2 O-O 6.O-O b6 7.Nc3 Bb7 8.Ne5 Na6
9.b3 c5 10.Bb2 Ne4 11.e3 cxd4 12.exd4 f6 13.Nd3 Re8 14.Re1 Nxc3 15.Bxc3 Nc7  1/2-1/2

[Event "23rd Heart of FIN"]
[Site "Jyvaskyla FIN"]
[Date "2013.07.09"]
[Round "3.12"]
[White "Radkov,Bazhen D."]
[Black "Vul,A"]
[Result "1/2-1/2"]
[WhiteElo "2007"]
[BlackElo "2296"]

1.d4 d5 2.c4 e6 3.Nf3 Nf6 4.g3 Be7 5.Bg2 O-O 6.O-O b6 7.Nc3 Bb7 8.Ne5 Na6
9.b3 c5 10.Bb2 Ne4 11.e3 cxd4 12.exd4 f6 13.Nd3 Re8 14.Re1 Nxc3 15.Bxc3 Nc7
16.Rf1 Na6 17.Re1 Bf8 18.Nf4 Be7 19.Nd3 Nc7 20.Qe2 Rb8 21.Qd1 Ra8 22.Ne5  1/2-1/2